| 000 | 00463nam a2200145Ia 4500 | ||
|---|---|---|---|
| 008 | 191206s9999 xx 000 0 und d | ||
| 020 | _a9789719654735 | ||
| 100 | _aMontoya, Rome Sherriff | ||
| 245 |
_cRome Sherriff Montoya _aStrategic human resource management/ |
||
| 260 |
_aManila: _bUnlimited books: _c2017 |
||
| 300 |
_ax, 191 p. ; _c23 cm. |
||
| 500 | _aIncludes bibliographical references | ||
| 650 | _aPersonnel management | ||
| 650 | _aStrategic planning | ||
| 999 |
_c362826 _d362826 |
||